000 00460nam a2200193Ia 4500
005 20240823050128.0
008 240823s9999||||xx |||||||||||||| ||und||
020 _a978-81-317-0481-3
041 _aENGLISH
082 _A547 Q1
100 _a"Morrison,Robert Thornton et al."
245 0 _aOrganic Chemistry
250 _a1st
260 _c2011
_b"PHI,New D"
500 _aTRANSFERED
650 _aOrganic
_bChemistry
942 _cBK
999 _c216542
_d216542